00545nam a22001937a 4500003000400000005001700004008004100021020001500062040000900077100001700086245007600103250001100179260002400190300001100214490002800225650003900253650003100292650002800323OSt20130607110750.0130607r19931988xxu||||| |||| 00| 0 eng d a0750607947 cCDMR1 aBoyd, Andrew10aBroadcasting journalismb: techniques of radio and TV newscAndrew Boyd a2a ed. aOxfordbFocalc1993 a380 p. aMedia Journalism Manual04aPeriodisme audiovisualzRegne Unit04aRadiodifusióxNoticiaris04aTelevisióxNoticiaris